Requirements engineering and management for software development projects / (Record no. 26758)
[ view plain ]
| 000 -LEADER | |
|---|---|
| fixed length control field | 01695cam a22002895a 4500 |
| 001 - CONTROL NUMBER | |
| control field | 17397210 |
| 005 - DATE AND TIME OF LATEST TRANSACTION | |
| control field | 20180521122035.0 |
| 008 - FIXED-LENGTH DATA ELEMENTS--GENERAL INFORMATION | |
| fixed length control field | 120723t2013 nyua fr 001 0 eng d |
| 020 ## - INTERNATIONAL STANDARD BOOK NUMBER | |
| International Standard Book Number | 9781461453765 |
| 040 ## - CATALOGING SOURCE | |
| Original cataloging agency | IXA |
| Language of cataloging | eng |
| Transcribing agency | IXA |
| Modifying agency | DLC |
| -- | EG-ScBUE |
| 082 04 - DEWEY DECIMAL CLASSIFICATION NUMBER | |
| Edition number | 22 |
| Classification number | 005.1068 |
| Item number | CHE |
| 100 1# - MAIN ENTRY--PERSONAL NAME | |
| Personal name | Chemuturi, Murali, |
| Dates associated with a name | 1950- |
| 245 10 - TITLE STATEMENT | |
| Title | Requirements engineering and management for software development projects / |
| Statement of responsibility, etc | Murali Chemuturi ; foreword by Tom Gilb. |
| 260 ## - PUBLICATION, DISTRIBUTION, ETC. (IMPRINT) | |
| Place of publication, distribution, etc | New York : |
| Name of publisher, distributor, etc | Springer, |
| Date of publication, distribution, etc | c.2013. |
| 300 ## - PHYSICAL DESCRIPTION | |
| Extent | xxi, 266 p. : |
| Other physical details | ill. ; |
| Dimensions | 24 cm. |
| 500 ## - GENERAL NOTE | |
| General note | Includes index. |
| 505 00 - FORMATTED CONTENTS NOTE | |
| Title | Introduction to requirements engineering and management -- |
| -- | Understanding requirements -- |
| -- | Elicitation and gathering of requirements -- |
| -- | Requirements analysis -- |
| -- | Establishment of requirements -- |
| -- | Quality assurance in requirements management -- |
| -- | Planning for requirements management -- |
| -- | Requirements change management -- |
| -- | Requirements tracing, tracking and reporting -- |
| -- | Measurement and metrics -- |
| -- | Roles and responsibilities in REM -- |
| -- | Requirements management through SDLC -- |
| -- | Tools and techniques for requirements engineering and management -- |
| -- | Pitfalls and best practices in requirements engineering and management -- |
| -- | REM in agile projects. |
| 650 #7 - SUBJECT ADDED ENTRY--TOPICAL TERM | |
| Topical term or geographic name as entry element | Computer software |
| General subdivision | Development |
| -- | Management. |
| Source of heading or term | BUEsh |
| 9 (RLIN) | 4806 |
| 650 #7 - SUBJECT ADDED ENTRY--TOPICAL TERM | |
| Topical term or geographic name as entry element | Requirements engineering. |
| Source of heading or term | BUEsh |
| 650 #7 - SUBJECT ADDED ENTRY--TOPICAL TERM | |
| Topical term or geographic name as entry element | Project management. |
| Source of heading or term | BUEsh |
| 9 (RLIN) | 11664 |
| 653 ## - INDEX TERM--UNCONTROLLED | |
| Resource For college | Informatics and Computer Science |
| Arrived date list | May2018 |
| 700 1# - ADDED ENTRY--PERSONAL NAME | |
| Personal name | Gilb, Tom, |
| Relator term | author of introduction, etc. |
| 906 ## - LOCAL DATA ELEMENT F, LDF (RLIN) | |
| a | 7 |
| b | cbc |
| c | copycat |
| d | 2 |
| e | epcn |
| f | 20 |
| g | y-gencatlg |
| 942 ## - ADDED ENTRY ELEMENTS (KOHA) | |
| Source of classification or shelving scheme | Dewey Decimal Classification |
| Withdrawn status | Item status | Source of classification or shelving scheme | Damaged status | Not for loan | Vendor | Home library | Current library | Shelving location | Date acquired | Source of acquisition | Cost, normal purchase price | Serial Enumeration / chronology | Total Checkouts | Full call number | Barcode | Date last seen | Cost, replacement price | Koha item type |
|---|---|---|---|---|---|---|---|---|---|---|---|---|---|---|---|---|---|---|
| Dewey Decimal Classification | Baccah | Central Library | Central Library | Lower Floor | 21/05/2018 | Purchase | 760.00 | 2000088 | 005.1068 CHE | 000047810 | 15/07/2025 | 950.00 | Book - Borrowing |